000 00318nam a22001097a 4500
008 160518b xxu||||| |||| 00| 0 eng d
020 _a0721656277
041 _aeng
080 _a61
245 _aExercises in diagnostic radiology the emergency patient:
_cCharles S. Langston M.D; Lucy Frank Squirw M.D;
942 _2udc
_cBK
999 _c2186
_d2186